100 Largest US cities minefield - Statistics

General Stats
  • This quiz has been taken 557 times
  • The average score is 9 of 25
Answers on the Grid
Answers color-coded by a green-red scale on the quiz's grid according to % correct below.
Huntsville
New Orleans
Shreveport
Charleston SC
New York City
Knoxville
Omaha
Honolulu
Hartford
Sacramento
Salt Lake City
Birmingham
Atlanta
Jackson MS
Albuquerque
Chicago
Tallahassee
Tacoma
Portland OR
Providence
Washington DC
Boston
Springfield (MA)
Cleveland
Columbus (GA)
Newport News
Philadelphia
Waco
Austin
Seattle
Bridgeport
Buffalo
Miami
Little Rock
Fayetteville (NC)
Topeka
Sioux falls
Detroit
Houston
Los Angeles
Des Moines
Akron
Toledo
Raleigh
Denver
San Francisco
Rochester NY
Odessa
Green Bay
Salem OR
 
Answer Stats
Answer % Correct
New York City
76%
New Orleans
68%
Boston
47%
Chicago
47%
Washington DC
47%
Atlanta
44%
Los Angeles
44%
Seattle
44%
Philadelphia
43%
Denver
40%
Houston
40%
Sacramento
40%
San Francisco
40%
Miami
38%
Detroit
37%
Austin
35%
Cleveland
33%
Albuquerque
25%
Honolulu
25%
Portland OR
25%
Omaha
22%
Raleigh
19%
Buffalo
17%
Huntsville
10%
Toledo
5%
No matching quizzes found
Score Distribution
Percent of People with Each Score
Percentile by Number Answered
Your Score History
You have not taken this quiz